000 00689nam a2200241Ia 4500
003 OSt
005 20220927111940.0
006 a|||||r|||| 00| 0
007 ta
008 220926b |||||||| |||| 00| 0 eng d
024 _a84176
037 _cReports
040 _aRTL
_cRTL
_beng
041 _2eng
_aeng
082 _a"X9(4):93.281.N48t, H9"
111 _a"Central Provinces and Berar, News Paper Industry (Enquiry Commission)"
_9382881
245 0 _aReport
260 _aNagpur
_bGovernment Press India
_c1949
300 _a58p.
_ccm.
650 _aGlobalization
942 _h"X9(4):93.281.N48t, H9"
_cCC
999 _c699654
_d699654